000 00662nam a2200253 a 4500
005 20140310183329.0
008 060901s19uu xx 00 eng d
020 _a0609610570
050 _aHD 31
_b.B626 2002
100 _aBossidy, Larry
245 _aExecution:
_bthe discipline of getting things done. /
260 _aNew York :
_bCrown Publishing Group,
_c2002.
300 _a278 p. :
_bill. ;
_c24 cm.
521 _aBSBA
650 _aManagement.
650 _aPerformance.
650 _aAchievement motivation.
700 _aCharan, Ram
942 _cBK
_2lcc
_kFOR
999 _c21526
_d21526